<?xml version="1.0" encoding="UTF-8"?>
<record
    xmlns:xsi="http://www.w3.org/2001/XMLSchema-instance"
    xsi:schemaLocation="http://www.loc.gov/MARC21/slim http://www.loc.gov/standards/marcxml/schema/MARC21slim.xsd"
    xmlns="http://www.loc.gov/MARC21/slim">

  <leader>01134naa a2200217 a 4500</leader>
  <controlfield tag="001">81893</controlfield>
  <controlfield tag="003">BD-RjUL</controlfield>
  <controlfield tag="005">20230911120959.0</controlfield>
  <controlfield tag="008">230911s195?    p  ||||| |||| 00| 0cu   d</controlfield>
  <datafield tag="035" ind1=" " ind2=" ">
    <subfield code="a">(BD-RjUL)81893</subfield>
  </datafield>
  <datafield tag="040" ind1=" " ind2=" ">
    <subfield code="a">BD-RjUL</subfield>
    <subfield code="b">eng</subfield>
    <subfield code="c">BD-RjUL</subfield>
  </datafield>
  <datafield tag="041" ind1=" " ind2=" ">
    <subfield code="a">urd</subfield>
  </datafield>
  <datafield tag="082" ind1=" " ind2=" ">
    <subfield code="2">23</subfield>
    <subfield code="a">891.439209</subfield>
    <subfield code="b">BAT [195?]</subfield>
  </datafield>
  <datafield tag="100" ind1=" " ind2=" ">
    <subfield code="a">  &#x628;&#x62F;&#x631; &#x627;&#x645;&#x631; &#x627;&#x644;&#x647;&#x648;&#x649;&#x66B; &#x645;&#x62D;&#x645;&#x62F; &#x637;&#x641;&#x649;&#x644; &#x627;&#x62D;&#x645;&#x62F;     ;;   Badr Amr Al-Haway,. Muhammad Tufail Ahmad </subfield>
    <subfield code="9">8909</subfield>
  </datafield>
  <datafield tag="245" ind1="1" ind2="0">
    <subfield code="a">&#x62A;&#x62C;&#x644;&#x649;&#x627;&#x62A; &#x62D;&#x634;&#x631; : &#x62A;&#x627;&#x62C;&#x62F;&#x627;&#x631; &#x641;&#x646; &#x641;&#x644;&#x633;&#x641;&#x649; &#x627;&#x639;&#x638;&#x645; &#x634;&#x6A9;&#x633;&#x67E;&#x649;&#x626;&#x631; &#x647;&#x646;&#x62F; &#x622;&#x63A;&#x627; &#x62D;&#x634;&#x631; &#x6A9;&#x627;&#x634;&#x645;&#x649;&#x631;&#x649; &#x6A9;&#x6D2; &#x627;&#x641;&#x6A9;&#x627;&#x631; &#x639;&#x627;&#x644;&#x649;&#x647; / Tajalliy&#x101;t-i &#x1E24;ashr : t&#x101;jd&#x101;r-i fann-i falsaf&#x12B;-i a&#x2BB;&#x1E93;am-i Shaksp&#x12B;&#x2BC;ar-i Hind &#x100;g&#x332;h&#x332;&#x101; &#x1E24;ashr K&#x101;shm&#x12B;r&#x12B; ke afk&#x101;r-i &#x2BB;&#x101;liyah</subfield>
    <subfield code="c">&#x645;&#x62D;&#x645;&#x62F; &#x637;&#x641;&#x649;&#x644; &#x627;&#x62D;&#x645;&#x62F; &#x628;&#x62F;&#x631; &#x627;&#x645;&#x631;&#x648;&#x647;&#x648;&#x649;., Mu&#x1E25;ammad T&#x324;ufail A&#x1E25;mad Badr Amrohv&#x12B; / Mu&#x1E25;ammad T&#x324;ufail A&#x1E25;mad Badr Amrohv&#x12B;.</subfield>
  </datafield>
  <datafield tag="260" ind1=" " ind2=" ">
    <subfield code="a"> L&#x101;haur:</subfield>
    <subfield code="b"> &#x62A;&#x627;&#x62C; &#x6A9;&#x645;&#x67E;&#x646;&#x649;&#x60C;,,</subfield>
    <subfield code="c">[195?]</subfield>
  </datafield>
  <datafield tag="300" ind1=" " ind2=" ">
    <subfield code="a">312 p. ;</subfield>
    <subfield code="c">18 cm.</subfield>
  </datafield>
  <datafield tag="600" ind1=" " ind2=" ">
    <subfield code="a">&#x100;g&#x332;h&#x332;&#x101; &#x1E24;ashr K&#x101;shm&#x12B;r&#x12B;,</subfield>
    <subfield code="d">1879-1935</subfield>
    <subfield code="x">Criticism, interpretation, </subfield>
    <subfield code="9">8910</subfield>
  </datafield>
  <datafield tag="650" ind1=" " ind2=" ">
    <subfield code="a">Urdu drama</subfield>
    <subfield code="v">History and criticism</subfield>
    <subfield code="9">8911</subfield>
  </datafield>
  <datafield tag="942" ind1=" " ind2=" ">
    <subfield code="2">ddc</subfield>
    <subfield code="c">BK</subfield>
  </datafield>
  <datafield tag="999" ind1=" " ind2=" ">
    <subfield code="c">81893</subfield>
    <subfield code="d">81893</subfield>
  </datafield>
  <datafield tag="952" ind1=" " ind2=" ">
    <subfield code="0">0</subfield>
    <subfield code="1">0</subfield>
    <subfield code="2">ddc</subfield>
    <subfield code="4">0</subfield>
    <subfield code="7">1</subfield>
    <subfield code="8">NFIC</subfield>
    <subfield code="a">RUCL</subfield>
    <subfield code="b">RUCL</subfield>
    <subfield code="c">Reading</subfield>
    <subfield code="d">1980-01-09</subfield>
    <subfield code="e">N/A</subfield>
    <subfield code="l">0</subfield>
    <subfield code="o">U 891.439209 BAT [195?]</subfield>
    <subfield code="r">2023-09-11 00:00:00</subfield>
    <subfield code="t">C-1</subfield>
    <subfield code="w">2023-09-11</subfield>
    <subfield code="y">BK</subfield>
  </datafield>
</record>
